000 01560nam a2200361Ia 4500
001 ebr10257683
003 CaPaEBR
006 m u
007 cr cn|||||||||
008 080714s2008 stkb sb 001 0 eng d
020 _z9780748634262 (hbk.)
020 _z0748634266 (hbk.)
040 _aCaPaEBR
_cCaPaEBR
035 _a(OCoLC)760026538
050 1 4 _aKDC186.A45
_bG73 2008eb
100 1 _aGraham, Michael F.
245 1 4 _aThe blasphemies of Thomas Aikenhead
_h[electronic resource] :
_bboundaries of belief on the eve of the enlightenment /
_cMichael F. Graham.
260 _aEdinburgh :
_bEdinburgh University Press,
_cc2008.
300 _axi, 180 p. :
_bmaps.
504 _aIncludes bibliographical references and index.
533 _aElectronic reproduction.
_bPalo Alto, Calif. :
_cebrary,
_d2011.
_nAvailable via World Wide Web.
_nAccess may be limited to ebrary affiliated libraries.
600 1 0 _aAikenhead, Thomas,
_dd. 1697.
600 1 0 _aAikenhead, Thomas,
_dd. 1697
_vTrials, litigation, etc.
600 1 0 _aAikenhead, Thomas,
_dd. 1697
_xDeath and burial.
650 0 _aBlasphemy
_zScotland
_xHistory
_y17th century.
650 0 _aEnlightenment
_zScotland.
650 0 _aHanging
_zScotland
_xHistory
_y17th century.
651 0 _aScotland
_xIntellectual life
_y17th century.
651 0 _aScotland
_xCivilization
_y17th century.
655 7 _aElectronic books.
_2local
710 2 _aebrary, Inc.
856 4 0 _uhttp://site.ebrary.com/lib/rucke/Doc?id=10257683
_zAn electronic book accessible through the World Wide Web; click to view
999 _c32082
_d32082